Cocktails aléatoires par ingrédients - Statistiques

Statistiques générales
  • Ce quiz a été pris 77 fois
  • Le résultat moyen est 5 sur 20
Statistiques - réponses
Hint Réponse % Correct
Aperol, prosecco, eau gazeuse Spritz
87%
Gin, tonic Gin Tonic
71%
Vin blanc, crème de cassis Kir
69%
Rhum blanc, citron vert, sucre, menthe, eau gazeuse Mojito
67%
Vodka vanille, purée de passion, citron, sucre (shot de prosecco) Pornstar Martini
67%
Rhum, crème de coco, jus d’ananas Piña Colada
62%
Whiskey, café, sucre, crème Irish Coffee
56%
Vodka, ginger beer, citron vert Moscow Mule
52%
Rhum, cola, citron vert Cuba Libre
50%
Prosecco, liqueur de fleur de sureau, eau gazeuse, menthe Hugo Spritz
45%
Tequila, jus d’orange, grenadine Tequila Sunrise
44%
Vodka, liqueur de café, espresso, sucre Espresso Martini
43%
Vodka, curaçao bleu, citron Blue Lagoon
40%
Gin, Campari, vermouth rouge Negroni
39%
Champagne, crème de cassis Kir Royal
38%
Tequila, triple sec (Cointreau), citron vert Margarita
38%
Vodka, jus de tomate, citron, Worcestershire, Tabasco, sel, poivre Bloody Mary
35%
Vodka, liqueur de pêche, cranberry, jus d’orange Sex on the Beach
35%
Vin rouge, fruits, sucre, brandy Sangria
33%
Rhum agricole, citron vert, sucre de canne Ti’ Punch
31%
Whiskey, citron, sucre (blanc d’œuf optionnel) Whiskey Sour
31%
Cachaça, citron vert, sucre Caipirinha
29%
Champagne, jus d’orange Mimosa
28%
Rhum ambré, rhum agricole, triple sec, citron vert, orgeat Mai Tai
25%
Citron vert, menthe, sucre, eau gazeuse Virgin Mojito
23%
Vodka, liqueur de café, crème White Russian
23%
Prosecco, purée de pêche Bellini
21%
Campari, vermouth rouge, eau gazeuse Americano
20%
Vodka, vermouth dry Vodka Martini
19%
Kahlúa, Baileys, triple sec B-52
17%
Whiskey, vermouth rouge, bitters Manhattan
17%
Rhum blanc, citron vert, sucre Daiquiri
16%
Vodka, triple sec, cranberry, citron vert Cosmopolitan
13%
Whiskey, sucre, bitters, zeste d’orange Old Fashioned
13%
Vodka, gin, tequila, rhum, triple sec, citron, cola Long Island Iced Tea
10%
Vodka, jus d’orange Screwdriver
10%
Baileys, café, crème Baileys Coffee
9%
Prosecco, purée de fraise Rossini
8%
Rhums variés, citron, ananas, grenadine Zombie
8%
Vodka, liqueur de café Black Russian
6%
Brandy, crème de cacao, crème Brandy Alexander
6%
Gin, citron, sucre, champagne French 75
6%
Rhum, triple sec, citron vert, sirop d’amande Mai Tai
5%
Jus d’ananas, crème de coco Virgin Piña Colada
5%
Rhum, coco, ananas, orange Bahama Mama
0%
Vodka, cranberry, ananas Bay Breeze
0%
Rhum, curaçao bleu, ananas, coco Blue Hawaiian
0%
Rhum dark, ginger beer, citron vert Dark ’n’ Stormy
0%
Rhum, passion, orange, citron Hurricane
0%
Thé, citron, sucre Iced Tea maison
0%
Vodka, triple sec, citron Kamikaze
0%
Gin, vermouth dry Martini Dry
0%
Vodka, liqueur de café, Baileys Mudslide
0%
Citron vert, menthe, sucre, jus de pomme, eau gazeuse Nojito
0%
Rhum, ananas, orange, coco Painkiller
0%
Rhum, citron, sucre, bitters Planter’s Punch
0%
Rhum, orange, ananas, grenadine Rum Punch
0%
Vodka, cranberry, pamplemousse Sea Breeze
0%
Ginger ale, grenadine Shirley Temple
0%
Vin rouge, soda citron Tinto de Verano
0%
Aucun quiz correspondant
Distribution des résultats
% des personnes avec chaque résultat
Percentile par nombre de réponses
Votre historique - résultats
Vous n’avez pas pris ce quiz